Culture Générale - Série 2141 - Statistiques

Statistiques générales
  • Ce quiz a été pris 106 fois
  • Le résultat moyen est 4 sur 10
Statistiques - réponses
Question Réponse % Correct
En anatomie, comment appelle-t-on la membrane qui obstrue plus ou moins l'entrée du vagin chez une jeune fille vierge ? hymen
79%
Quel mot commençant par " d " désigne une veste en duvet ? doudoune
74%
Quel mot familier commençant par " b " désigne une personne qui porte des lunettes ? binoclard
66%
Quel mot familier de 4 lettres commençant par " p " est synonyme de coup,mandale, marron ? pain
61%
Dans quel art a excellé Charles-Joseph Natoire (1700-1777) ? peinture
54%
De quelle île est originaire l'animal appelé tenrec ? - voir photo Madagascar
50%
Quel mot de 6 lettres commençant par " c " est synonyme de complot ? cabale
20%
Quel acteur britannique (1925-1980), a incarné "Le Docteur Folamour" et l'inspecteur Clouseau dans "La panthère rose" ? Peter Sellers
20%
Ce mot désigne - la femelle d'un chien de chasse - un espace clos pour les tournois ou les joutes - une palissade de bois qui permet de protéger un lieu lice
18%
C'est un canard des eaux nordiques et un morceau de l'épaule du boeuf. macreuse
5%
Aucun quiz correspondant
Distribution des résultats
% des personnes avec chaque résultat
Percentile par nombre de réponses
Votre historique - résultats
Vous n’avez pas pris ce quiz